Experimental designs

The Second Edition of brings this handbook up to date, while retaining the basic framework that made it so popular. Describes the most useful of the designs that have been developed with accompanying plans and an account of the experimental situations for which each design is most suitable

Na minha lista:
Detalhes bibliográficos
Autor principal: Cochran, William Gemmell
Formato: Livro
Idioma:Undetermined
Publicado em: New York Wiley 1992
Assuntos:
Tags: Adicionar Tag
Sem tags, seja o primeiro a adicionar uma tag!
Thư viện lưu trữ: Trung tâm Học liệu Trường Đại học Cần Thơ
LEADER 00916nam a2200217Ia 4500
001 CTU_181012
008 210402s9999 xx 000 0 und d
020 |c 639000 
082 |a 001.422 
082 |b C663 
100 |a Cochran, William Gemmell 
245 0 |a Experimental designs 
245 0 |c William G. Cochran and Gertrude M. Cox. 
260 |a New York 
260 |b Wiley 
260 |c 1992 
520 |a The Second Edition of brings this handbook up to date, while retaining the basic framework that made it so popular. Describes the most useful of the designs that have been developed with accompanying plans and an account of the experimental situations for which each design is most suitable 
650 |a Khoa học,Science,Experimental design 
650 |x Kinh nghiêm,Phương pháp,Experiments,Methodology. 
904 |i Tuyến 
980 |a Trung tâm Học liệu Trường Đại học Cần Thơ